US Wars by Presidents - Statistics

General Stats
  • This quiz has been taken 90 times
  • The average score is 20 of 107
Answer Stats
Hint Answer % Correct
Continental Congress (1775-1783) American Revolutionary War
88%
Woodrow Wilson (1917-1918) World War 1
83%
Franklin D. RooseveltHarry S. Truman (1941-1945) World War 2
81%
Dwight D. EisenhowerJohn F. Kennedy Lyndon B. Johnson Richard Nixon Gerald Ford (1955-1975) Vietnam War
79%
Barack ObamaDonald Trump Joe Biden (2014-2021) American-led intervention in Iraq
77%
George H. W. BushBill Clinton George W. Bush (1991-2003) Iraqi No-Fly Zone Enforcement Operations
77%
George W. BushBarack Obama (2003-2011) Iraq War
77%
James Madison (1812-1815) War of 1812
76%
Abraham Lincoln (1861-1865) American Civil War
73%
Lyndon B. JohnsonRichard Nixon (1966-1969) Korean DMZ Conflict
71%
Harry S. TrumanDwight D. Eisenhower (1950-1953) Korean War
71%
Ulysses S. Grant (1871) United States Expedition to Korea
71%
George W. BushBarack Obama Donald Trump Joe Biden (2001-2021) War in Afghanistan
69%
James K. Polk (1842-1848) Mexican American War
68%
William McKinley (1899) Spanish-American War
63%
Barack ObamaDonald Trump Joe Biden (2014-Present) American-led intervention in Syria
39%
George H. W. Bush (1990-1991) Gulf War
33%
William McKinleyTheodore Roosevelt (1899-1902) Philippine-American War
33%
Barack ObamaDonald Trump (2015-2019) American intervention in Libya
31%
Ronald Reagan (1986) Bombing of Libya
31%
Barack Obama (2011) International intervention in Libya
31%
Woodrow WilsonWarren G. Harding Calvin Coolidge (1916-1924) United States Occupation of the Dominican Republic
28%
George W. BushBarack Obama Donald Trump Joe Biden (2002-Present) American Intervention in Yemen
27%
Lyndon B. JohnsonRichard Nixon Gerald Ford (1967-1975) Cambodian Civil War
27%
Thomas Jefferson (1801-1805) First Barbary War
27%
George H. W. BushBill Clinton (1992-1995) First US Intervention in the Somali Civil War
27%
Barack Obama (2009-2016) Operation Ocean Shield
27%
James Madison (1815) Second Barbary War
27%
George W. BushBarack Obama Donald Trump Joe Biden (2007-Present) Second U.S. Intervention in the Somali Civil War
27%
George H. W. Bush (1989-1990) United States Invasion of Panama
27%
William Howard Taft Woodrow WilsonWarren G. Harding Calvin Coolidge Herbert Hoover (1912-1933) United States Occupation of Nicaragua
27%
Bill Clinton (1994-1995) Intervention in Haiti
25%
Dwight D. EisenhowerJohn F. Kennedy Lyndon B. Johnson Richard Nixon Gerald Ford (1959-1975) Laotian Civil War
25%
Woodrow WilsonWarren G. Harding Calvin Coolidge Herbert Hoover Franklin D. Roosevelt (1915-1934) United States Occupation of Haiti
25%
George H. W. BushBill Clinton (1992-1995) Bosnian War and Croatian War
23%
Continental CongressGeorge Washington (1776-1795) Cherokee–American Wars
23%
Ronald Reagan (1983) United States Invasion of Grenada
23%
James Monroe (1817-1818) First Seminole War
21%
Andrew JacksonMartin Van Buren William Henry Harrison John Tyler (1835-1842) Second Seminole War
21%
Franklin PierceJames Buchanan (1855-1858) Third Seminole War
21%
Chester A. Arthur (1882) Egyptian Expedition
17%
Ulysses S. Grant (1876-1877) Great Sioux War of 1876
17%
Bill Clinton (1998-1999) Kosovo War
17%
George W. BushBarack Obama Donald Trump (2004-2018) American intervention in the War in North-West Pakistan
15%
Dwight D. Eisenhower (1958) Lebanon Crisis
15%
Jimmy CarterRonald Reagan (1982-1984) Multinational Intervention in Lebanon
15%
Donald TrumpJoe Biden (2018-Present) American military intervention in Niger
13%
James K. PolkZachary Taylor Millard Fillmore Franklin Pierce James Buchanan Abraham Lincoln Andrew Johnson Ulysses S. Grant Rutherford B. Hayes James A. Garfield Chester A. Arthur Grover Cleveland Benjamin Harrison William McKinley Theodore Roosevelt William Howard Taft Woodrow Wilson Warren G. Harding Calvin Coolidge (1849-1924) Apache Wars
12%
John F. Kennedy (1961) Bay of Pigs Invasion
12%
James K. PolkZachary Taylor Millard Fillmore Franklin Pierce James Buchanan Abraham Lincoln Andrew Johnson (1849-1866) Navajo Wars
12%
James Madison (1813-1814) Creek War
11%
Lyndon B. Johnson (1965-1965) Dominican Civil War
9%
Woodrow Wilson (1918-1920) Russian Civil War
9%
George Washington (1791-1794) Whiskey Rebellion
9%
William McKinley (1899-1901) Boxer Rebellion
8%
Andrew JohnsonUlysses S. Grant (1867-1875) Comanche Campaign
8%
John Adams (1798-1800) Quasi-War
8%
Andrew JacksonMartin Van Buren William Henry Harrison John Tyler James K. Polk Zachary Taylor Millard Fillmore Franklin Pierce James Buchanan Abraham Lincoln Andrew Johnson Ulysses S. Grant (1836-1875) Texas Comanche Wars
8%
Abraham Lincoln (1862) Dakota War of 1862
7%
Barack Obama (2011-2017) Operation Observant Compass
7%
Franklin PierceJames Buchanan (1856-1859) Second Opium War
7%
Franklin PierceJames Buchanan (1854-1861) Bleeding Kansas
3%
James Buchanan (1859) Pig War
3%
James Buchanan (1857-1858) Utah War
3%
William Howard TaftWoodrow Wilson (1910-1919) Mexican Border War
1%
George Washington (1785-1793) Northwest Indian War
1%
Andrew Johnson (1865-1868) Red Cloud's War
1%
William McKinley (1898-1899) Second Samoan Civil War
1%
Woodrow Wilson (1914) United States Occupation of Veracruz
1%
James Monroe (1823) Arikara War
0%
Rutherford B. Hayes (1878) Bannock War
0%
Andrew Jackson (1832) Black Hawk War
0%
Woodrow Wilson (1914-1915) Bluff War
0%
Ulysses S. Grant (1876-1877) Buffalo Hunter's War
0%
James K. PolkZachary Taylor Millard Fillmore Franklin Pierce (1847-1855) Cayuse War
0%
Rutherford B. Hayes (1878-1879) Cheyenne War
0%
Abraham Lincoln (1863-1865) Colorado War
0%
Theodore Roosevelt (1909) Crazy Snake's War
0%
Grover Cleveland (1887) Crow War
0%
James Buchanan (1859-1861) First and Second Cortina War
0%
Andrew Johnson (1867) Formosa Expedition
0%
Benjamin Harrison (1891-1893) Garza War
0%
Benjamin Harrison (1890-1891) Ghost Dance War
0%
James Buchanan (1859) Harpers Ferry Raid
0%
Ulysses S. Grant (1875) Las Cuevas War
0%
William Howard Taft (1912) Little Race War
0%
Ulysses S. Grant (1872-1873) Modoc War
0%
William McKinleyTheodore Roosevelt William Howard Taft Woodrow Wilson (1899-1913) Moro Rebellion
0%
Rutherford B. Hayes (1877) Nez Perce War
0%
James Buchanan (1860) Paiute War
0%
Dwight D. Eisenhower (1958-1961) Permesta Rebellion
0%
Warren G. Harding (1923) Posey War
0%
Andrew Johnson (1865) Powder River War
0%
Franklin Pierce (1855-1856) Puget Sound War
0%
Ulysses S. Grant (1874-1875) Red River War
0%
James BuchananAbraham Lincoln Andrew Johnson (1858-1866) Reform War
0%
Franklin Pierce (1855-1856) Rogue River Wars
0%
Rutherford B. Hayes (1879) Sheepeater Indian War
0%
Abraham LincolnAndrew Johnson (1864-1868) Snake War
0%
Ronald Reagan (1987-1988) Tanker War
0%
James Madison (1810-1813) Tecumseh's War
0%
Rutherford B. Hayes (1879-1880) Victorio's War
0%
Rutherford B. Hayes (1979) White River War
0%
John Quincy Adams (1827) Winnebago War
0%
Franklin PierceJames Buchanan (1855-1858) Yakima War
0%
Grover ClevelandWilliam McKinley Theodore Roosevelt William Howard Taft Woodrow Wilson (1896-1918) Yaqui Wars
0%
Abraham LincolnAndrew Johnson Ulysses S. Grant (1861-1875) Yavapai Wars
0%
No matching quizzes found
Score Distribution
Percent of People with Each Score
Percentile by Number Answered
Your Score History
You have not taken this quiz